[Event "57th Rubinstein Memorial"]
[Site "Polanica Zdroj POL"]
[Date "2021.08.13"]
[Round "1"]
[White "Gumularz, Szymon"]
[Black "Shevchenko, Kirill"]
[WhiteElo "2512"]
[BlackElo "2619"]
[Result "0-1"]
[EventDate "2021.08.13"]
[PlyCount "66"]
1. d4 Nf6 2. c4 g6 3. g3 Bg7 4. Bg2 d6 5. Nf3 O-O 6. Nc3 Nbd7 7. O-O e5 8. e4 Re8 9. h3 b6 10. d5 Nc5 11. Qc2 a5 12. Be3 Rf8 13. b3 Nh5 14. a3 f5 15. exf5 gxf5 16. Bg5 Qd7 17. b4 Na6 18. Qd2 Qf7 19. Rab1 Bd7 20. Nh4 f4 21. g4 h6 22. gxh5 hxg5 23. Ng6 f3 24. Bh1 Bh6 25. Ne4 Bxh3 26. Rb3 Qg7 27. Nxf8 Rxf8 28. Qd3 Bxf1 29. Qxf1 g4 30. c5 Qh7 31. Ng3 Bf4 32. Qxa6 Bxg3 33. Rb2 Bf4 0-1

[Event "57th Rubinstein Memorial"]
[Site "Polanica Zdroj POL"]
[Date "2021.08.13"]
[Round "1"]
[White "Krasenkow, Michal"]
[Black "Navara, David"]
[WhiteElo "2591"]
[BlackElo "2675"]
[Result "0-1"]
[EventDate "2021.08.13"]
[PlyCount "100"]
1. d4 d5 2. c4 c6 3. Nc3 Nf6 4. cxd5 cxd5 5. Bf4 Nc6 6. e3 Bg4 7. Qb3 Na5 8. Qa4+ Bd7 9. Qd1 e6 10. Nf3 Bb4 11. Bd3 a6 12. O-O O-O 13. Ne5 Bxc3 14. bxc3 Bb5 15. Bxb5 axb5 16. Bg5 h6 17. Bxf6 gxf6 18. Nd3 Nc4 19. Kh1 Ra3 20. Nf4 Nd6 21. Nh5 Kh7 22. Qc1 Ra6 23. g4 f5 24. gxf5 Nxf5 25. Rg1 Qh4 26. Qd1 Rg8 27. Rxg8 Kxg8 28. Qf3 Kf8 29. Nf4 Qf6 30. Nd3 Ke7 31. Nc5 Ra3 32. Nxb7 Rxc3 33. Qf4 Qh4 34. Qb8 Qe4+ 35. Kg1 Qg4+ 36. Kh1 Qe4+ 37. Kg1 Kf6 38. Qh8+ Kg5 39. Qg8+ Kh4 40. Nc5 Qg4+ 41. Qxg4+ Kxg4 42. Nd7 Kh3 43. Ne5 Nd6 44. Nf3 Rc2 45. Ne1 Rd2 46. Ng2 Ne4 47. Nf4+ Kg4 48. Rf1 Kf3 49. Nh3 Rxa2 50. Kh1 Nc3 0-1

[Event "57th Rubinstein Memorial"]
[Site "Polanica Zdroj POL"]
[Date "2021.08.13"]
[Round "1"]
[White "Ovseevich, Sergei"]
[Black "Bluebaum, Matthias"]
[WhiteElo "2579"]
[BlackElo "2674"]
[Result "1/2-1/2"]
[EventDate "2021.08.13"]
[PlyCount "61"]
1. d4 Nf6 2. c4 e6 3. Nf3 d5 4. Nc3 dxc4 5. e3 a6 6. a4 b6 7. Bxc4 Bb7 8. O-O Bb4 9. Qe2 O-O 10. Bd3 c5 11. Rd1 cxd4 12. exd4 Nc6 13. Bg5 Be7 14. Bxf6 Bxf6 15. d5 exd5 16. Nxd5 Re8 17. Qc2 g6 18. Nxf6+ Qxf6 19. Qc3 Kg7 20. Bf1 Rad8 21. Qxf6+ Kxf6 22. Nd2 Nb4 23. Nc4 Rxd1 24. Rxd1 Re6 25. f3 Bd5 26. Kf2 Rc6 27. b3 b5 28. axb5 axb5 29. Na3 Rc3 30. Nxb5 Rxb3 31. Rd2 1/2-1/2

[Event "57th Rubinstein Memorial"]
[Site "Polanica Zdroj POL"]
[Date "2021.08.13"]
[Round "1"]
[White "Teclaf, Pawel"]
[Black "Piorun, Kacper"]
[WhiteElo "2520"]
[BlackElo "2608"]
[Result "1/2-1/2"]
[EventDate "2021.08.13"]
[PlyCount "61"]
1. e4 e5 2. Nf3 Nc6 3. Bb5 Nf6 4. O-O Nxe4 5. Re1 Nd6 6. a4 Be7 7. Nc3 e4 8. Nxe4 Nxe4 9. Rxe4 O-O 10. d4 a6 11. Bd3 Nb4 12. Bf1 d5 13. Re3 Bf5 14. c3 Nc6 15. Ne5 Nxe5 16. Rxe5 Qd7 17. Bf4 Bf6 18. Re1 Rfe8 19. Qb3 c6 20. a5 h5 21. h3 h4 22. Rad1 Re4 23. Rxe4 Bxe4 24. Re1 Rc8 25. Qd1 Qf5 26. Bd6 Rd8 27. Bh2 Qc8 28. Bd3 Bxd3 29. Qxd3 Re8 30. Rxe8+ Qxe8 31. Kf1 1/2-1/2

[Event "57th Rubinstein Memorial"]
[Site "Polanica Zdroj POL"]
[Date "2021.08.13"]
[Round "1"]
[White "Tomczak, Jacek"]
[Black "Stocek, Jiri"]
[WhiteElo "2604"]
[BlackElo "2604"]
[Result "1-0"]
[EventDate "2021.08.13"]
[PlyCount "83"]
1. d4 Nf6 2. c4 e6 3. g3 Bb4+ 4. Bd2 a5 5. Bg2 O-O 6. Nf3 b6 7. a3 Bxd2+ 8. Nfxd2 d5 9. Nc3 Nc6 10. e3 Ba6 11. O-O Qd7 12. Qc2 Rac8 13. Rfd1 Rfd8 14. Rac1 Ne7 15. Qb3 h6 16. Bf1 Ra8 17. Nf3 dxc4 18. Bxc4 a4 19. Qa2 Qc8 20. Ne5 Bb7 21. Bb5 Ra5 22. Qc4 Qa8 23. Qxc7 Kf8 24. Bf1 b5 25. Nxb5 Nfd5 26. Qc2 Ba6 27. Nc7 Nxc7 28. Qxc7 Bxf1 29. Rxf1 Ra7 30. Qc5 Rc8 31. Qb5 Kg8 32. Rxc8+ Qxc8 33. Nd3 Qa8 34. Nc5 Nd5 35. Rc1 Ra5 36. Qc4 Nf6 37. Nd3 Qe4 38. Ne5 Ng4 39. Qc6 Qxc6 40. Nxc6 Rb5 41. h3 Nf6 42. Rc2 1-0

[Event "57th Rubinstein Memorial"]
[Site "Polanica Zdroj POL"]
[Date "2021.08.14"]
[Round "2"]
[White "Bluebaum, Matthias"]
[Black "Teclaf, Pawel"]
[WhiteElo "2674"]
[BlackElo "2520"]
[Result "1/2-1/2"]
[EventDate "2021.08.13"]
[PlyCount "60"]
1. d4 e6 2. c4 Bb4+ 3. Bd2 a5 4. Nc3 d5 5. e3 Nf6 6. Nf3 b6 7. cxd5 exd5 8. Rc1 O-O 9. Ne5 Bb7 10. Bd3 Nbd7 11. a3 Bxc3 12. Bxc3 Nxe5 13. dxe5 Ne4 14. Bxe4 dxe4 15. Qg4 Qe7 16. O-O Qe6 17. Qf4 Rfd8 18. b4 axb4 19. axb4 c5 20. bxc5 bxc5 21. h3 Rd3 22. Rc2 h6 23. Rfc1 Bd5 24. Be1 c4 25. Bc3 Qg6 26. Kh2 Qg5 27. Qxg5 hxg5 28. Kg3 Kh7 29. h4 gxh4+ 30. Kxh4 Kg6 1/2-1/2

[Event "57th Rubinstein Memorial"]
[Site "Polanica Zdroj POL"]
[Date "2021.08.14"]
[Round "2"]
[White "Krasenkow, Michal"]
[Black "Tomczak, Jacek"]
[WhiteElo "2591"]
[BlackElo "2604"]
[Result "1/2-1/2"]
[EventDate "2021.08.13"]
[PlyCount "111"]
1. Nf3 Nf6 2. c4 b6 3. d4 e6 4. g3 Bb4+ 5. Bd2 Bxd2+ 6. Nbxd2 Bb7 7. Qc2 c5 8. e4 cxd4 9. Nxd4 Nc6 10. Nxc6 Bxc6 11. Bg2 O-O 12. O-O d6 13. b4 a5 14. a3 Qc7 15. Nb3 axb4 16. axb4 e5 17. Qd3 Bd7 18. Rfd1 Be6 19. Bf1 Rac8 20. Rdc1 Qc6 21. Nd2 Ra8 22. Be2 g6 23. f3 Rfc8 24. Qe3 Kg7 25. Qc3 h5 26. h4 Rxa1 27. Qxa1 Ra8 28. Qb2 Nd7 29. Kg2 f5 30. exf5 Bxf5 31. Nf1 Rf8 32. Ne3 Bd3 33. Nd5 Bxe2 34. Qxe2 Nf6 35. Rd1 Nxd5 36. Rxd5 Rc8 37. b5 Qxc4 38. Qxc4 Rxc4 39. Rxd6 e4 40. fxe4 Rxe4 41. Rxb6 Rb4 42. Kf3 Rb3+ 43. Kf4 Rb4+ 44. Ke5 Rb3 45. Kd5 Rxg3 46. Re6 Rh3 47. Re4 g5 48. hxg5 Kg6 49. Re5 h4 50. b6 Rb3 51. Kc6 h3 52. b7 h2 53. Re1 Kxg5 54. Rh1 Rc3+ 55. Kd5 Rb3 56. Ke4 1/2-1/2

[Event "57th Rubinstein Memorial"]
[Site "Polanica Zdroj POL"]
[Date "2021.08.14"]
[Round "2"]
[White "Navara, David"]
[Black "Piorun, Kacper"]
[WhiteElo "2675"]
[BlackElo "2608"]
[Result "1-0"]
[EventDate "2021.08.13"]
[PlyCount "83"]
1. d4 Nf6 2. c4 g6 3. Nc3 Bg7 4. e4 d6 5. Nf3 O-O 6. Be2 e5 7. O-O Nc6 8. d5 Ne7 9. b4 a5 10. bxa5 c5 11. Bd2 Rxa5 12. a4 Kh8 13. Ra3 Nfg8 14. Qb1 Bh6 15. Nb5 Bxd2 16. Nxd2 g5 17. Qb2 Ng6 18. g3 f5 19. exf5 Bxf5 20. Bd3 Bxd3 21. Rxd3 Nf6 22. Nc3 Rf7 23. Rb1 Ra6 24. Nde4 Nxe4 25. Nxe4 Rxa4 26. Qc1 g4 27. Rdb3 Qf8 28. Rxb7 Rxb7 29. Rxb7 Ra2 30. Qb1 Re2 31. Rb8 Re1+ 32. Qxe1 Qxb8 33. Qd1 h5 34. h3 Kg7 35. hxg4 h4 36. Qf3 Qb1+ 37. Kg2 hxg3 38. Qf6+ Kh7 39. Qf7+ Kh8 40. Qf6+ Kh7 41. Ng5+ Kh6 42. Ne6 1-0

[Event "57th Rubinstein Memorial"]
[Site "Polanica Zdroj POL"]
[Date "2021.08.14"]
[Round "2"]
[White "Shevchenko, Kirill"]
[Black "Ovseevich, Sergei"]
[WhiteElo "2619"]
[BlackElo "2579"]
[Result "1-0"]
[EventDate "2021.08.13"]
[PlyCount "53"]
1. Nf3 Nf6 2. g3 b6 3. Bg2 Bb7 4. d3 d5 5. O-O e6 6. c4 Be7 7. cxd5 exd5 8. Nd4 g6 9. e4 dxe4 10. dxe4 O-O 11. Nc3 Re8 12. e5 Bxg2 13. Kxg2 Bc5 14. Ndb5 Nfd7 15. Bf4 Na6 16. Ne4 Be7 17. Qf3 Ndc5 18. Rad1 Qc8 19. Nec3 Ne6 20. Nd5 Nxf4+ 21. Qxf4 Bd8 22. Rfe1 Nc5 23. Qh6 Re6 24. b4 Nd7 25. Nd4 Re8 26. e6 Qb7 27. exf7+ 1-0

[Event "57th Rubinstein Memorial"]
[Site "Polanica Zdroj POL"]
[Date "2021.08.14"]
[Round "2"]
[White "Stocek, Jiri"]
[Black "Gumularz, Szymon"]
[WhiteElo "2604"]
[BlackElo "2512"]
[Result "0-1"]
[EventDate "2021.08.13"]
[PlyCount "86"]
1. d4 Nf6 2. c4 e6 3. Nf3 d5 4. Bg5 dxc4 5. Qa4+ Nbd7 6. e4 Be7 7. Nbd2 O-O 8. Bxc4 c5 9. e5 Nd5 10. Bxe7 Nxe7 11. dxc5 Nxc5 12. Qa3 Nd7 13. Bd3 Nc6 14. Nc4 b5 15. Be4 bxc4 16. Bxc6 Rb8 17. O-O-O Qc7 18. Rd6 Rb6 19. Bxd7 Bxd7 20. Rhd1 Bc8 21. Nd4 h6 22. f4 Bd7 23. Rd2 Rc8 24. Ne2 Bc6 25. Nc3 Kh7 26. h4 Qe7 27. g3 Qb7 28. Qc5 Be4 29. Qf2 Bd3 30. Rxb6 axb6 31. Qg2 Qa6 32. a3 b5 33. Na2 Bg6 34. Nb4 c3 35. Rc2 Qa7 36. Rxc3 Qe3+ 37. Qd2 Qg1+ 38. Qd1 Rxc3+ 39. bxc3 Qxg3 40. Qd2 Qxh4 41. Kb2 Qh1 42. Qc1 Qg2+ 43. Kb3 h5 0-1

[Event "57th Rubinstein Memorial"]
[Site "Polanica Zdroj POL"]
[Date "2021.08.15"]
[Round "3"]
[White "Gumularz, Szymon"]
[Black "Krasenkow, Michal"]
[WhiteElo "2512"]
[BlackElo "2591"]
[Result "1-0"]
[EventDate "2021.08.13"]
[PlyCount "117"]
1. d4 d5 2. c4 dxc4 3. e3 Be6 4. Nd2 c5 5. Ngf3 Nc6 6. Bxc4 Bxc4 7. Nxc4 cxd4 8. Qb3 Qd5 9. Qxb7 Rb8 10. Qc7 Qxc4 11. Nxd4 e6 12. Qxc6+ Qxc6 13. Nxc6 Rb7 14. Ke2 Rc7 15. Nd4 e5 16. Nf3 Bd6 17. Bd2 Ne7 18. Rac1 Rb7 19. b3 f6 20. Rc4 Kf7 21. Rd1 Rb6 22. Ra4 Bb8 23. e4 Rc8 24. Rc1 Rxc1 25. Bxc1 Nc6 26. Be3 Rb7 27. Rc4 Nd8 28. Ne1 Ne6 29. Nd3 a5 30. Rc6 Ba7 31. Ra6 Bxe3 32. Kxe3 Rc7 33. Rxa5 Rc2 34. Nb4 Rb2 35. Nd3 Rc2 36. Ra7+ Kg6 37. Nb4 Rb2 38. Nc6 Nf4 39. g3 Ng2+ 40. Kd3 Ne1+ 41. Kc4 Rxf2 42. b4 Rc2+ 43. Kd5 Rd2+ 44. Ke6 Nf3 45. h4 Nd4+ 46. Nxd4 Rxd4 47. b5 Rxe4 48. Kd5 Re1 49. a4 f5 50. a5 f4 51. gxf4 exf4 52. h5+ Kf6 53. Ra8 Re5+ 54. Kc4 Re4+ 55. Kc3 Re3+ 56. Kd4 Kf7 57. a6 Rb3 58. a7 Rxb5 59. Rb8 1-0

[Event "57th Rubinstein Memorial"]
[Site "Polanica Zdroj POL"]
[Date "2021.08.15"]
[Round "3"]
[White "Ovseevich, Sergei"]
[Black "Stocek, Jiri"]
[WhiteElo "2579"]
[BlackElo "2604"]
[Result "1/2-1/2"]
[EventDate "2021.08.13"]
[PlyCount "66"]
1. Nf3 Nf6 2. c4 c5 3. Nc3 e6 4. g3 b6 5. Bg2 Bb7 6. O-O Be7 7. b3 O-O 8. Bb2 d6 9. e3 a6 10. Qe2 Nbd7 11. Rfd1 Qc7 12. Rac1 Rfe8 13. d4 Ne4 14. Nxe4 Bxe4 15. Ne1 Bxg2 16. Nxg2 cxd4 17. Rxd4 Bf6 18. Rd2 Bxb2 19. Rxb2 Nf6 20. Rbc2 Red8 21. Ne1 Qb7 22. Nf3 Rd7 23. Nd4 Rc8 24. Qf3 Qxf3 25. Nxf3 Kf8 26. Kf1 Ke7 27. Ke2 g6 28. h3 h5 29. Kd3 Rdc7 30. Nd2 Nd7 31. Ke2 Nf6 32. Kd3 Nd7 33. Ke2 Nf6 1/2-1/2

[Event "57th Rubinstein Memorial"]
[Site "Polanica Zdroj POL"]
[Date "2021.08.15"]
[Round "3"]
[White "Piorun, Kacper"]
[Black "Bluebaum, Matthias"]
[WhiteElo "2608"]
[BlackElo "2674"]
[Result "1-0"]
[EventDate "2021.08.13"]
[PlyCount "181"]
1. e4 c6 2. d4 d5 3. Nc3 dxe4 4. Nxe4 Bf5 5. Qf3 e6 6. Ne2 Nf6 7. Nxf6+ Qxf6 8. Qb3 Qe7 9. Ng3 Bg6 10. Bf4 Qb4+ 11. c3 Qb6 12. h4 h6 13. h5 Bh7 14. Be2 Nd7 15. Nf1 a5 16. Ne3 a4 17. Qxb6 Nxb6 18. O-O-O Be7 19. c4 O-O 20. Bd3 Rac8 21. c5 Nd5 22. Nxd5 cxd5 23. Kd2 f6 24. b4 axb3 25. axb3 e5 26. Bg3 exd4 27. b4 b6 28. Rhe1 Be4 29. Bxe4 dxe4 30. Rxe4 Rf7 31. Rde1 bxc5 32. Rxe7 Rxe7 33. Rxe7 cxb4 34. Rc7 Ra8 35. Rc5 b3 36. Rb5 Ra2+ 37. Kd3 b2 38. Kxd4 Ra5 39. Rxb2 Rxh5 40. Bf4 Ra5 41. g3 h5 42. Bd6 Ra7 43. Ke4 Kf7 44. Rb5 Ra4+ 45. Rb4 Ra7 46. Bc5 Rc7 47. Rb5 Kg6 48. Kf3 Rd7 49. Be3 Rc7 50. Kg2 Rc4 51. Kh3 Ra4 52. Rc5 Rb4 53. Ra5 Rc4 54. Rd5 Ra4 55. Bc5 Rc4 56. f4 Rc1 57. Bf8 Kf7 58. Bb4 Rh1+ 59. Kg2 Rb1 60. Ba5 Kg6 61. Bd2 Rd1 62. f5+ Kh7 63. Rd4 Rb1 64. Bb4 Kh6 65. Bd2+ Kh7 66. Be3 Rb5 67. Rf4 Re5 68. Rf3 Ra5 69. Kh3 Ra1 70. Rf4 Re1 71. Bf2 Re5 72. Rf3 Re4 73. Be3 Rb4 74. Rf4 Rb3 75. Bd2 Rb2 76. Rf2 Rb1 77. Kh2 Rb5 78. Bc1 Rb1 79. Rf1 Rb4 80. Kg2 Rb5 81. Rf4 Rc5 82. Be3 Re5 83. Bd4 Re2+ 84. Kf3 Rd2 85. Rh4 Kg8 86. Ke4 Rg2 87. Rh3 Kf8 88. Be3 Kg8 89. Kf3 Rb2 90. Rxh5 Rb5 91. Ke4 1-0

[Event "57th Rubinstein Memorial"]
[Site "Polanica Zdroj POL"]
[Date "2021.08.15"]
[Round "3"]
[White "Teclaf, Pawel"]
[Black "Shevchenko, Kirill"]
[WhiteElo "2520"]
[BlackElo "2619"]
[Result "1-0"]
[EventDate "2021.08.13"]
[PlyCount "81"]
1. e4 c5 2. Nf3 d6 3. d4 cxd4 4. Qxd4 Nf6 5. Be2 Nc6 6. Qe3 d5 7. exd5 Nxd5 8. Qb3 e6 9. O-O Qb6 10. Nc3 Nxc3 11. Qxc3 Qc5 12. Qb3 Be7 13. Be3 Qa5 14. Nd4 O-O 15. Rfd1 e5 16. Nxc6 bxc6 17. Bf3 Bf5 18. Bxc6 Rac8 19. Qb7 Bxc2 20. Rd7 Bf6 21. b4 Qa3 22. Rxf7 Kh8 23. Rxf6 gxf6 24. Bh6 Rg8 25. Bg7+ Rxg7 26. Qxc8+ Rg8 27. Qe6 Rg6 28. Qe7 h5 29. Be8 Rg7 30. Qxf6 Be4 31. Bc6 Bg6 32. Qxe5 Qxb4 33. Bf3 h4 34. h3 Kh7 35. a3 Qb3 36. Qd4 Bb1 37. Be4+ Bxe4 38. Qxe4+ Kg8 39. Qe8+ Kh7 40. Qh5+ Kg8 41. Re1 {A convincing victory of one of Poland's main chess hopes.} 1-0

[Event "57th Rubinstein Memorial"]
[Site "Polanica Zdroj POL"]
[Date "2021.08.15"]
[Round "3"]
[White "Tomczak, Jacek"]
[Black "Navara, David"]
[WhiteElo "2604"]
[BlackElo "2675"]
[Result "1/2-1/2"]
[EventDate "2021.08.13"]
[PlyCount "140"]
1. d4 d5 2. c4 c6 3. Nc3 Nf6 4. Nf3 e6 5. Bg5 Nbd7 6. e3 Qa5 7. cxd5 Nxd5 8. Qd2 Bb4 9. Rc1 h6 10. Bh4 b6 11. a3 Bxc3 12. bxc3 c5 13. Be2 Ba6 14. c4 Qxd2+ 15. Nxd2 Ne7 16. f3 Rc8 17. Ne4 Nf5 18. Bf2 cxd4 19. exd4 O-O 20. c5 Nb8 21. g4 Ne7 22. Bg3 Nec6 23. Nd6 Nxd4 24. Bxa6 Nxa6 25. Nxc8 Rxc8 26. Bf2 e5 27. Bxd4 exd4 28. Rd1 bxc5 29. Ke2 Nc7 30. Kd3 Nb5 31. Rc1 Nxa3 32. Rhe1 Nb5 33. Re5 Nc3 34. Kc4 Na4 35. Kb3 f6 36. Rf5 Nc3 37. Kc4 Rd8 38. Rxc5 Na4 39. Rc7 d3 40. Kb3 Nb6 41. R7c3 Rd4 42. Rd1 Nd7 43. Rc4 Rxc4 44. Kxc4 Ne5+ 45. Kd5 Nxf3 46. h4 Nxh4 47. Rxd3 Ng6 48. Ke4 Ne5 49. Rd8+ Kf7 50. Kf5 a5 51. Rd5 g6+ 52. Kf4 Nc4 53. Rc5 g5+ 54. Kg3 Ne5 55. Rxa5 Kg6 56. Ra6 Nd3 57. Ra8 h5 58. gxh5+ Kxh5 59. Ra5 Ne5 60. Rb5 Nf7 61. Rb6 Kg6 62. Ra6 Nh6 63. Kf3 Nf5 64. Kg4 Ne3+ 65. Kf3 Nc4 66. Kg4 Ne5+ 67. Kg3 Nd3 68. Kg4 Nc5 69. Rc6 Nd7 70. Ra6 Ne5+ 1/2-1/2

[Event "57th Rubinstein Memorial"]
[Site "Polanica Zdroj POL"]
[Date "2021.08.16"]
[Round "4"]
[White "Krasenkow, Michal"]
[Black "Ovseevich, Sergei"]
[WhiteElo "2591"]
[BlackElo "2579"]
[Result "1/2-1/2"]
[EventDate "2021.08.13"]
[PlyCount "97"]
1. d4 Nf6 2. c4 e6 3. Nf3 d5 4. g3 Bb4+ 5. Bd2 Bxd2+ 6. Nbxd2 O-O 7. Bg2 b6 8. Ne5 c5 9. dxc5 bxc5 10. Rc1 Na6 11. O-O Qd6 12. Nd3 Rb8 13. cxd5 exd5 14. e4 dxe4 15. Nxe4 Nxe4 16. Bxe4 Bb7 17. Bxb7 Rxb7 18. Qf3 Rd7 19. Nf4 Rfd8 20. Rc4 g6 21. Qc3 Qb6 22. Re1 Nb4 23. Rce4 Rd1 24. a3 Qc6 25. f3 Rxe1+ 26. Rxe1 Nd5 27. Qd2 Rd7 28. Re8+ Kg7 29. Nxd5 Qxd5 30. Qxd5 Rxd5 31. Kf2 Rd2+ 32. Re2 Rd3 33. Rc2 Rb3 34. g4 Kf6 35. Kg3 Rb5 36. Kf4 h6 37. Ke4 Ke6 38. f4 f5+ 39. gxf5+ gxf5+ 40. Kd3 Kd5 41. Kc3 c4 42. Rd2+ Kc5 43. Rd7 Rb3+ 44. Kc2 Rf3 45. Rxa7 Rxf4 46. Rc7+ Kd4 47. Rd7+ Kc5 48. Rc7+ Kd4 49. Rd7+ 1/2-1/2

[Event "57th Rubinstein Memorial"]
[Site "Polanica Zdroj POL"]
[Date "2021.08.16"]
[Round "4"]
[White "Navara, David"]
[Black "Bluebaum, Matthias"]
[WhiteElo "2675"]
[BlackElo "2674"]
[Result "1/2-1/2"]
[EventDate "2021.08.13"]
[PlyCount "63"]
1. e4 e6 2. d4 d5 3. Nc3 Nf6 4. e5 Nfd7 5. f4 c5 6. Nf3 Nc6 7. Be3 Be7 8. Qd2 a6 9. Bd3 b5 10. Qf2 O-O 11. dxc5 Qa5 12. O-O b4 13. Ne2 Nxc5 14. Ned4 Nxd4 15. Nxd4 Qc7 16. f5 exf5 17. Bxf5 Ne4 18. Bxe4 dxe4 19. Qf4 Bc5 20. Rae1 Re8 21. e6 Qxf4 22. Rxf4 Bxe6 23. Nxe6 Bxe3+ 24. Rxe3 Rxe6 25. Rfxe4 Rxe4 26. Rxe4 a5 27. Kf2 Rc8 28. c4 bxc3 29. bxc3 f5 30. Re5 a4 31. Ra5 Rxc3 32. Rxa4 1/2-1/2

[Event "57th Rubinstein Memorial"]
[Site "Polanica Zdroj POL"]
[Date "2021.08.16"]
[Round "4"]
[White "Shevchenko, Kirill"]
[Black "Piorun, Kacper"]
[WhiteElo "2619"]
[BlackElo "2608"]
[Result "1/2-1/2"]
[EventDate "2021.08.13"]
[PlyCount "61"]
1. Nf3 Nf6 2. g3 g6 3. c4 Bg7 4. Nc3 O-O 5. Bg2 d6 6. O-O e5 7. d3 Nc6 8. Rb1 a5 9. a3 Nd4 10. b4 axb4 11. axb4 c6 12. b5 Bg4 13. bxc6 bxc6 14. Nxd4 exd4 15. Ne4 Nxe4 16. Bxe4 d5 17. cxd5 cxd5 18. Bf3 Qd7 19. Bf4 Bxf3 20. exf3 Rfc8 21. Kg2 Rc3 22. Qd2 h5 23. h4 Qc6 24. Rb2 Qa6 25. Rd1 Bf6 26. Bb8 Kg7 27. g4 hxg4 28. fxg4 Qe6 29. g5 Be5 30. Bxe5+ Qxe5 31. Qe2 1/2-1/2

[Event "57th Rubinstein Memorial"]
[Site "Polanica Zdroj POL"]
[Date "2021.08.16"]
[Round "4"]
[White "Stocek, Jiri"]
[Black "Teclaf, Pawel"]
[WhiteElo "2604"]
[BlackElo "2520"]
[Result "0-1"]
[EventDate "2021.08.13"]
[PlyCount "72"]
1. d4 e6 2. c4 Bb4+ 3. Nd2 c5 4. e3 cxd4 5. exd4 Nf6 6. Ngf3 b6 7. Bd3 Bb7 8. O-O O-O 9. a3 Be7 10. b3 d5 11. Bb2 Nbd7 12. Rc1 Ne4 13. Qe2 Nxd2 14. Nxd2 Rc8 15. f4 Bd6 16. Rce1 Nf6 17. Bb1 Re8 18. Nf3 Qe7 19. Ne5 Ne4 20. b4 Ba6 21. b5 Bb7 22. Bxe4 dxe4 23. f5 Bxe5 24. dxe5 Qc5+ 25. Kh1 Qxc4 26. Qh5 e3 27. fxe6 Qxe6 28. Re2 Rc4 29. Qg5 Re4 30. Kg1 h6 31. Qg3 Rd8 32. h3 Rd2 33. Rxd2 exd2 34. Qd3 Qd5 35. Qxd5 Bxd5 36. Rd1 Re1+ 0-1

[Event "57th Rubinstein Memorial"]
[Site "Polanica Zdroj POL"]
[Date "2021.08.16"]
[Round "4"]
[White "Tomczak, Jacek"]
[Black "Gumularz, Szymon"]
[WhiteElo "2604"]
[BlackElo "2512"]
[Result "1-0"]
[EventDate "2021.08.13"]
[PlyCount "85"]
1. e4 e5 2. Nf3 Nc6 3. d4 exd4 4. Nxd4 Qf6 5. Nf3 Bb4+ 6. c3 Bc5 7. Be2 h6 8. O-O Nge7 9. Nbd2 O-O 10. Nc4 d5 11. exd5 Rd8 12. Be3 Rxd5 13. Qb3 Rb8 14. Rad1 Bxe3 15. Nxe3 Rxd1 16. Rxd1 Be6 17. Qa4 a6 18. a3 Ng6 19. g3 Nge5 20. Nxe5 Qxe5 21. Bf3 Ne7 22. Bxb7 Rxb7 23. Qe8+ Kh7 24. Qxe7 Rb3 25. Rd2 Qb5 26. Nd1 Qe5 27. Qd8 Bh3 28. Qd3+ f5 29. Ne3 Rb6 30. Qc4 Qf6 31. Qxc7 Re6 32. Rd4 f4 33. Qxf4 Qg6 34. Rd1 Re4 35. Qf3 Re6 36. Qd5 Kh8 37. Qd8+ Re8 38. Qh4 Be6 39. Rd8 Qb1+ 40. Kg2 Rxd8 41. Qxd8+ Kh7 42. Qd4 a5 43. Qa4 1-0

[Event "57th Rubinstein Memorial"]
[Site "Polanica Zdroj POL"]
[Date "2021.08.17"]
[Round "5"]
[White "Bluebaum, Matthias"]
[Black "Shevchenko, Kirill"]
[WhiteElo "2674"]
[BlackElo "2619"]
[Result "1/2-1/2"]
[EventDate "2021.08.13"]
[PlyCount "201"]
1. d4 Nf6 2. c4 e6 3. Nf3 c5 4. d5 d6 5. Nc3 exd5 6. cxd5 g6 7. h3 Bg7 8. e4 O-O 9. Be3 b5 10. e5 dxe5 11. Bxb5 e4 12. Ne5 Nh5 13. Nc6 Nxc6 14. dxc6 Qa5 15. a4 a6 16. Be2 Nf6 17. O-O Be6 18. Qd6 Rfd8 19. Qxc5 Qxc5 20. Bxc5 Rdc8 21. a5 Rxc6 22. Bd4 Rb8 23. Rfb1 Bc4 24. b4 Bxe2 25. Nxe2 Nd5 26. b5 axb5 27. a6 Nf4 28. Bxg7 Nxe2+ 29. Kf1 Kxg7 30. Kxe2 Ra8 31. Rxb5 Rcxa6 32. Rxa6 Rxa6 33. h4 Ra7 34. h5 f5 35. hxg6 hxg6 36. g3 Ra6 37. Kf1 Kf6 38. Kg2 Kg5 39. Re5 Rc6 40. Re8 Rc2 41. Re6 Rc3 42. Kh3 Rb3 43. Kg2 Rb7 44. Kh3 Rf7 45. Kg2 Rf6 46. Re8 Rd6 47. Re7 Kf6 48. Re8 Re6 49. Rf8+ Kg5 50. Ra8 Kg4 51. Ra4 Kg5 52. Ra8 Kf6 53. Rf8+ Kg7 54. Ra8 g5 55. Ra7+ Kf6 56. Ra4 Kg6 57. Rb4 f4 58. gxf4 gxf4 59. Rb5 Kf6 60. Ra5 Rc6 61. Ra8 Ke5 62. Re8+ Re6 63. Ra8 Rg6+ 64. Kf1 Kf5 65. Rf8+ Rf6 66. Ra8 Rb6 67. Kg2 Rd6 68. Ra5+ Ke6 69. Ra8 Ke5 70. Re8+ Kd4 71. Rf8 Ke5 72. Re8+ Re6 73. Ra8 Rg6+ 74. Kf1 Rc6 75. Re8+ Kf5 76. Kg2 Rc2 77. Rf8+ Ke5 78. Re8+ Kd4 79. Rf8 f3+ 80. Kg3 Rc6 81. Ra8 Rg6+ 82. Kf4 Kd3 83. Ra3+ Ke2 84. Ra2+ Kf1 85. Kxe4 Kg2 86. Ke3 Re6+ 87. Kf4 Re2 88. Ra3 Rb2 89. Rc3 Ra2 90. Rb3 Ra8 91. Rb2 Rh8 92. Ra2 Rh1 93. Rb2 Rf1 94. Ke3 Re1+ 95. Kf4 Re2 96. Rb3 Rxf2 97. Kg4 Rf1 98. Ra3 Re1 99. Rxf3 Re4+ 100. Rf4 Rxf4+ 101. Kxf4 1/2-1/2

[Event "57th Rubinstein Memorial"]
[Site "Polanica Zdroj POL"]
[Date "2021.08.17"]
[Round "5"]
[White "Gumularz, Szymon"]
[Black "Navara, David"]
[WhiteElo "2512"]
[BlackElo "2675"]
[Result "0-1"]
[EventDate "2021.08.13"]
[PlyCount "103"]
1. d4 Nf6 2. c4 g6 3. Nc3 d5 4. Nf3 Bg7 5. Qb3 dxc4 6. Qxc4 O-O 7. e4 Nc6 8. Be2 e5 9. d5 Nd4 10. Nxd4 exd4 11. Qxd4 c6 12. Qc4 b5 13. Qxc6 Bd7 14. Qd6 Re8 15. e5 b4 16. Qxb4 Rxe5 17. O-O Nxd5 18. Nxd5 Rxe2 19. Nc3 a5 20. Qc4 Rc2 21. Rd1 Qe8 22. Qh4 Bc6 23. Bh6 Bxh6 24. Qxh6 Rxb2 25. Qf4 Rc8 26. Re1 Qf8 27. Re3 Qb4 28. Qg3 Rc2 29. Rae1 Bxg2 30. Re8+ Rxe8 31. Rxe8+ Kg7 32. Qe5+ f6 33. Re7+ Kh6 34. Qe3+ g5 35. Qe6 Qxc3 36. Kxg2 Qc6+ 37. Qxc6 Rxc6 38. Ra7 Rc5 39. h4 gxh4 40. a3 Kg6 41. f3 h5 42. Kh3 Kg5 43. Ra6 f5 44. a4 Kf4 45. Kxh4 Kxf3 46. Kxh5 f4+ 47. Kh4 Kf2 48. Rb6 f3 49. Rb2+ Ke3 50. Rb3+ Kf4 51. Rb2 Rc1 52. Kh5 0-1

[Event "57th Rubinstein Memorial"]
[Site "Polanica Zdroj POL"]
[Date "2021.08.17"]
[Round "5"]
[White "Ovseevich, Sergei"]
[Black "Tomczak, Jacek"]
[WhiteElo "2579"]
[BlackElo "2604"]
[Result "1/2-1/2"]
[EventDate "2021.08.13"]
[PlyCount "64"]
1. d4 Nf6 2. c4 g6 3. Nc3 d5 4. cxd5 Nxd5 5. e4 Nxc3 6. bxc3 Bg7 7. Be3 c5 8. Qd2 Qa5 9. Rb1 a6 10. Rc1 cxd4 11. cxd4 Qxd2+ 12. Kxd2 O-O 13. Nf3 e6 14. Bd3 Nc6 15. Rc4 Bd7 16. Rhc1 Rfc8 17. d5 exd5 18. exd5 Ne5 19. Nxe5 Bxe5 20. Rxc8+ Rxc8 21. Rxc8+ Bxc8 22. f4 Bd6 23. g3 Kf8 24. Kc3 b5 25. Bb6 Ke7 26. Kd4 Bg4 27. Bc5 Kd7 28. Bf1 h5 29. h4 Kc7 30. Bd3 Bc8 31. a3 Bg4 32. Bf1 Bd7 1/2-1/2

[Event "57th Rubinstein Memorial"]
[Site "Polanica Zdroj POL"]
[Date "2021.08.17"]
[Round "5"]
[White "Piorun, Kacper"]
[Black "Stocek, Jiri"]
[WhiteElo "2608"]
[BlackElo "2604"]
[Result "1/2-1/2"]
[EventDate "2021.08.13"]
[PlyCount "118"]
1. d4 Nf6 2. c4 e6 3. g3 c5 4. d5 exd5 5. cxd5 d6 6. Nc3 g6 7. Nf3 Bg7 8. Bg2 O-O 9. O-O Re8 10. Re1 Na6 11. Bf4 h6 12. e4 g5 13. Bd2 Bg4 14. h3 Bh5 15. g4 Bg6 16. h4 Nxe4 17. Nxe4 Rxe4 18. Rxe4 Bxe4 19. hxg5 hxg5 20. Nxg5 Bxg2 21. Kxg2 Qf6 22. Qc2 Nc7 23. Re1 Re8 24. Qh7+ Kf8 25. Ne4 Qg6 26. Qxg6 fxg6 27. Nxd6 Rxe1 28. Bxe1 b6 29. b3 Nxd5 30. Kf3 Bh6 31. Nc8 a6 32. Ke4 Nf6+ 33. Ke5 Nxg4+ 34. Kd5 b5 35. Kxc5 Ne5 36. Kb6 Nd3 37. Ba5 Nxf2 38. Kxa6 Nd3 39. b4 g5 40. Kxb5 g4 41. Nd6 g3 42. Ne4 g2 43. Bb6 Ke8 44. a3 Bf8 45. Ng5 Bc5 46. Nh3 Bxb6 47. Kxb6 Kd7 48. b5 Nb2 49. Ka7 Na4 50. Ng1 Kc7 51. Ne2 Nb6 52. Ka6 Na4 53. Ng1 Nb6 54. Ka5 Kb7 55. Kb4 Nd5+ 56. Kc4 Nf4 57. Kd4 Kb6 58. Ke4 Ne6 59. Kf3 Kxb5 1/2-1/2